|
|
|
|
| LEADER |
00000nam0a2200000 4500 |
| 001 |
176567 |
| 005 |
20231031165335.0 |
| 010 |
|
|
|a 9785699367221
|
| 035 |
|
|
|a (RuTPU)RU\TPU\book\191413
|
| 090 |
|
|
|a 176567
|
| 100 |
|
|
|a 20100302d2009 m y0rusy50 ca
|
| 101 |
0 |
|
|a rus
|
| 102 |
|
|
|a RU
|
| 105 |
|
|
|a y z 000ay
|
| 200 |
1 |
|
|a 2034. Войны на костях
|e сборник
|
| 210 |
|
|
|a Москва
|c Эксмо
|c Яуза
|d 2009
|
| 215 |
|
|
|a 352 с.
|
| 225 |
1 |
|
|a Сталкеры и Мутанты
|
| 225 |
1 |
|
|a Войны завтрашнего дня
|
| 610 |
1 |
|
|a русская литература
|
| 610 |
1 |
|
|a фантастические повести
|
| 610 |
1 |
|
|a фантастика
|
| 610 |
1 |
|
|a фантастические рассказы
|
| 675 |
|
|
|a Р2
|v 3
|
| 801 |
|
1 |
|a RU
|b 63413507
|c 20100302
|
| 801 |
|
2 |
|a RU
|b 63413507
|c 20100303
|g RCR
|
| 942 |
|
|
|c BK
|